000 00636nam a2200229Ia 4500
005 20250108125121.0
008 008 250107s9999 xx 000 0 eng d
020 _a978-93-81714-37-9
037 _aTB
040 _aCRL
_beng
_cCRL
041 _aeng
_2eng
084 _aX8(A):77.216T R0
084 _qCRL
100 _aArun Anand Au.
_9730430
245 0 _aBody organ donation: towards a healthy society
_cArun Anand Au.
260 _aNew Delhi, India
_bPrabhat Prakashan
_c3374
300 _a148p.
365 _aINR
_b995
650 _aMEDICINE
942 _cTB
_hX8(A):77.216T R0
999 _c1235762
_d1235762